Central Library OPAC University of Rajshahi

Management control systems / (Record no. 58944)

MARC details
000 -LEADER
fixed length control field 01240nam a2200349 a 4500
001 - CONTROL NUMBER
control field 58944
003 - CONTROL NUMBER IDENTIFIER
rucl marc code BD-RjUL
005 - DATE AND TIME OF LATEST TRANSACTION
control field 20211209080656.0
008 - FIXED-LENGTH DATA ELEMENTS--GENERAL INFORMATION
fixed length control field 161220s1984 ilua b 001 0 eng
020 ## - INTERNATIONAL STANDARD BOOK NUMBER
International Standard Book Number 025602961X
035 ## - SYSTEM CONTROL NUMBER
System control number (BD-RjUL)59068
040 ## - CATALOGING SOURCE
Original cataloging agency DLC
Transcribing agency DLC
Modifying agency BD-RjUL
Language of cataloging eng
041 ## - LANGUAGE CODE
Language code of text/sound track or separate title eng
082 00 - DEWEY DECIMAL CLASSIFICATION NUMBER
Edition number 23
Classification number 658.15
Author mark and year ANM 1984
100 1# - MAIN ENTRY--PERSONAL NAME
Personal name Anthony, Robert N.
Fuller form of name (Robert Newton),
Dates associated with a name 1916-2006.
9 (RLIN) 175271
245 10 - TITLE STATEMENT
Title Management control systems /
Statement of responsibility, etc. Robert N. Anthony, John Dearden, Norton M. Bedford.
250 ## - EDITION STATEMENT
Edition statement 5th ed.
260 ## - PUBLICATION, DISTRIBUTION, ETC. (IMPRINT)
Place of publication, distribution, etc. Homewood, Ill. :
Name of publisher, distributor, etc. R.D. Irwin,
Date of publication, distribution, etc. 1984.
300 ## - PHYSICAL DESCRIPTION
Pagination xiii, 853 p. :
Illustrations ill. ;
Size 24 cm.
504 ## - BIBLIOGRAPHY, ETC. NOTE
Bibliography, etc Includes bibliographies and index.
650 #0 - SUBJECT ADDED ENTRY--TOPICAL TERM
Topical term or geographic name as entry element Industrial management.
9 (RLIN) 171014
Topical term or geographic name as entry element Managerial accounting
9 (RLIN) 231735
Topical term or geographic name as entry element Industrial management
Form subdivision Case studies.
9 (RLIN) 175223
Topical term or geographic name as entry element Cost control.
9 (RLIN) 175273
Topical term or geographic name as entry element Cost control
Form subdivision Case studies.
9 (RLIN) 175274
700 1# - ADDED ENTRY--PERSONAL NAME
Personal name Dearden, John,
Dates associated with a name 1919-2004.
Personal name Bedford, Norton M.
830 ## - SERIES ADDED ENTRY--UNIFORM TITLE
Uniform title The Robert N. Anthony/Willard J. Graham series in accounting
942 ## - ADDED ENTRY ELEMENTS (KOHA)
Source of classification or shelving scheme Dewey Decimal Classification
Koha item type Books
Holdings
Lost status Source of classification or shelving scheme Damaged status Not for loan Collection code Permanent Location Current Location Shelving location Date acquired Source of acquisition Cost, normal purchase price Total Checkouts Full call number Date last seen Copy number Koha item type
  Dewey Decimal Classification   Not For Loan Non-fiction Central Library, University of Rajshahi Central Library, University of Rajshahi Reading Room 02/10/1988 I.D.A 7.50   658.15 ANM 1984 20/12/2016 C-1 Books
  Dewey Decimal Classification     Non-fiction Central Library, University of Rajshahi Central Library, University of Rajshahi   02/10/1988 I.D.A. Credit 17.95   658.15 ANM 1984 15/05/2019 C-2 Books